Journal of Property Investment & Finance

Bibliographic Details
Format: Book
Published: United Kingdom : Emerald Group Publishing United
Subjects:

MARC

LEADER 00000cam a2200000 7i4500
001 0000015724
005 20231213.0
022 0 |a 1463-578X 
040 |a INS 
090 0 0 |a HD1387   |b J68 
245 0 0 |a Journal of Property Investment & Finance 
260 |a United Kingdom :   |b Emerald Group Publishing United 
300 |a ill. ;   |c 24 cm. 
310 |a Bimonthly 
650 0 0 |a Real estate investment   |z Great Britain   |v Periodicals 
650 0 0 |a Real property   |x Valuation   |z Great Britain   |v Periodicals 
850 |a Libraray has 1999. 2000, 2001, 2002, 2003, 2004, 2005, 2006 
999 |a SER0000802   |b BOOK   |c Open Shelf   |e Default branch 
999 |a SER0000931   |b BOOK   |c Open Shelf   |e Default branch 
999 |a SER0000932   |b BOOK   |c Open Shelf   |e Default branch 
999 |a SER0000933   |b BOOK   |c Open Shelf   |e Default branch 
999 |a SER0000934   |b BOOK   |c Open Shelf   |e Default branch 
999 |a SER0000935   |b BOOK   |c Open Shelf   |e Default branch 
999 |a SER0000936   |b BOOK   |c Open Shelf   |e Default branch 
999 |a SER0000937   |b BOOK   |c Open Shelf   |e Default branch 
999 |a SER0001894   |b BOOK   |c Open Shelf   |e Default branch 
999 |a SER0001895   |b BOOK   |c Open Shelf   |e Default branch 
999 |a SER0001896   |b BOOK   |c Open Shelf   |e Default branch 
999 |a SER0002183   |b BOOK   |c Open Shelf   |e Default branch 
999 |a SER0002184   |b BOOK   |c Open Shelf   |e Default branch 
999 |a SER0006649   |b BOOK   |c Open Shelf   |e Default branch 
999 |a SER0006650   |b BOOK   |c Open Shelf   |e Default branch 
999 |a SER0006904   |b BOOK   |c Open Shelf   |e Default branch 
999 |a SER0006905   |b BOOK   |c Open Shelf   |e Default branch 
999 |a SER0007131   |b BOOK   |c Open Shelf   |e Default branch 
999 |a SER0007167   |b BOOK   |c Open Shelf   |e Default branch 
999 |a SER0007458   |b BOOK   |c Open Shelf   |e Default branch 
999 |a SER0007459   |b BOOK   |c Open Shelf   |e Default branch 
999 |a SER0007460   |b BOOK   |c Open Shelf   |e Default branch 
999 |a SER0007571   |b BOOK   |c Open Shelf   |e Default branch 
999 |a SER0007572   |b BOOK   |c Open Shelf   |e Default branch 
999 |a SER0007613   |b BOOK   |c Open Shelf   |e Default branch 
999 |a SER0007614   |b BOOK   |c Open Shelf   |e Default branch 
999 |a SER0007917   |b BOOK   |c Open Shelf   |e Default branch 
999 |a SER0008000   |b BOOK   |c Open Shelf   |e Default branch